Lexique illustré du machinisme et des équipements agricoles / (Record no. 11571)

000 -LEADER
fixed length control field 00777nam a2200229 a 4500
020 ## - INTERNATIONAL STANDARD BOOK NUMBER
ISBN 2853622185 (Cemagref)
020 ## - INTERNATIONAL STANDARD BOOK NUMBER
ISBN 2852067390 (LavoisierTec et Doc)
040 ## - CATALOGING SOURCE
Transcribing agency DLC
082 ## - DEWEY DECIMAL CLASSIFICATION NUMBER
Classification number 631 CEM 1991 A038 Or.
245 00 - TITLE STATEMENT
Title Lexique illustré du machinisme et des équipements agricoles /
250 ## - EDITION STATEMENT
Edition statement 3. ed.
260 ## - PUBLICATION, DISTRIBUTION, ETC. (IMPRINT)
Place of publication Antony (France) :
Name of publisher Cemagref-Dicova ;
Place of publication Cachan (France) :
Name of publisher Lavoisier-Tec et Doc,
Year of publication c1991.
300 ## - PHYSICAL DESCRIPTION
Number of Pages 350 p. :
Other physical details ill. ;
Dimensions 24 cm.
500 ## - GENERAL NOTE
General note Includes index.
650 #0 - SUBJECT ADDED ENTRY--TOPICAL TERM
Topical Term Agricultural machinery
650 #0 - SUBJECT ADDED ENTRY--TOPICAL TERM
Topical Term Farm equipment
650 #0 - SUBJECT ADDED ENTRY--TOPICAL TERM
Topical Term Agricultural machinery
650 #0 - SUBJECT ADDED ENTRY--TOPICAL TERM
Topical Term Farm equipment
700 1# - ADDED ENTRY--PERSONAL NAME
Personal name Cédra, Camille.
710 2# - ADDED ENTRY--CORPORATE NAME
Corporate name or jurisdiction name as entry element Centre national du machinisme agricole, du génie rural, des eaux et des forêts (France)
942 ## - ADDED ENTRY ELEMENTS (KOHA)
Koha item type សៀវភៅភាសាបារាំង
952 ## - LOCATION AND ITEM INFORMATION (KOHA)
Withdrawn status [LOCAL, KOHA] 0
Holdings
Permanent Location Date acquired Koha item type Lost status Shelving location Barcode Current Location Full call number
Library Block A2017-08-03សៀវភៅភាសាបារាំង A043A19819Library Block A631 CEM 1991 A043 Or.
មជ្ឈមណ្ឌលឯការនៃសាកលវិទ្យាល័យភូមិន្ទកសិកម្មចំការដូង

Powered by Koha